LEADER 01181cam0-22003851i-450 001 990002866430403321 005 20210708134402.0 010 $a88-348-6080-2 035 $a000286643 035 $aFED01000286643 035 $a(Aleph)000286643FED01 035 $a000286643 100 $a20000920d1996----km-y0itay50------ba 101 0 $aita 102 $aIT 105 $ay-------001yy 200 1 $a<>fondi pensione$eil loro contributo allo sviluppo dei mercati finanziari e all'avvento della democrazia economica$fLorenzo Gai 210 $aTorino$cGiappichelli$d1996 215 $axiv, 255 p.$d24 cm 225 1 $aUniversità degli Studi di Firenze. Dipartimento di Scienze Aziendali. Economia degli Intermediari finanziari-Monografie$v2 610 0 $aFondi pensione 676 $a332.67254$v20$zita 676 $a346.4508637$v20$zita 700 1$aGai,$bLorenzo$0116714 801 0$aIT$bUNINA$gRICA$2UNIMARC 901 $aBK 912 $a990002866430403321 952 $a21-N-134$b9118$fDDCP 952 $a1-5-48-RA$b5598$fECA 959 $aDDCP 959 $aECA 996 $aFondi pensione$9415378 997 $aUNINA DB $aGEN01 DB $aING01 LEADER 02271oam 2200637 450 001 9910716863303321 005 20210924133616.0 035 $a(CKB)5470000002525552 035 $a(OCoLC)1159597681 035 $a(EXLCZ)995470000002525552 100 $a20200623d1938 ua 0 101 0 $aeng 135 $aurbn||||||||| 181 $ctxt$2rdacontent 182 $cc$2rdamedia 183 $acr$2rdacarrier 200 10$aWind-tunnel tests of three lateral-control devices in combination with a full-span slotted flap on an N.A.C.A. 23012 airfoil /$fby Carl J. Wenzinger and Millard J. Bamber 210 1$aWashington, [D.C.] :$cNational Advisory Committee for Aeronautics,$d1938. 215 $a1 online resource (11 pages, 6 unnumbered pages) $cillustrations 225 1 $aTechnical note / National Advisory Committee for Aeronautics ;$vNo. 659 300 $a"August 1938." 300 $aNo Federal Depository Library Program (FDLP) item number. 320 $aIncludes bibliographical references (page 10). 606 $aAirplanes$xControl surfaces 606 $aAilerons 606 $aAerofoils 606 $aSlotted flaps (Airplanes) 606 $aWind tunnel testing 606 $aAerofoils$2fast 606 $aAilerons$2fast 606 $aAirplanes$xControl surfaces$2fast 606 $aSlotted flaps (Airplanes)$2fast 606 $aWind tunnel testing$2fast 615 0$aAirplanes$xControl surfaces. 615 0$aAilerons. 615 0$aAerofoils. 615 0$aSlotted flaps (Airplanes) 615 0$aWind tunnel testing. 615 7$aAerofoils. 615 7$aAilerons. 615 7$aAirplanes$xControl surfaces. 615 7$aSlotted flaps (Airplanes) 615 7$aWind tunnel testing. 700 $aWenzinger$b Carl J$g(Carl Joseph),$f1903-1988,$01386955 702 $aBamber$b M. J. 712 02$aUnited States.$bNational Advisory Committee for Aeronautics, 801 0$bTRAAL 801 1$bTRAAL 801 2$bOCLCO 801 2$bTRAAL 801 2$bOCLCF 801 2$bGPO 906 $aBOOK 912 $a9910716863303321 996 $aWind-tunnel tests of three lateral-control devices in combination with a full-span slotted flap on an N.A.C.A. 23012 airfoil$93507945 997 $aUNINA